A History of Mass Communication (Record no. 17026)

MARC details
000 -LEADER
fixed length control field 00391nam a22001337a 4500
008 - FIXED-LENGTH DATA ELEMENTS--GENERAL INFORMATION
fixed length control field 180724b xxu||||| |||| 00| 0 eng d
020 ## - INTERNATIONAL STANDARD BOOK NUMBER
International Standard Book Number 0240802541
050 ## - LIBRARY OF CONGRESS CALL NUMBER
Classification number P90
Item number .F36 1997 c.1
100 ## - MAIN ENTRY--PERSONAL NAME
Personal name Fang, Irving
245 ## - TITLE STATEMENT
Title A History of Mass Communication
Remainder of title Six Information Revolutions
Statement of responsibility, etc. Irving Fang
260 ## - PUBLICATION, DISTRIBUTION, ETC. (IMPRINT)
Place of publication, distribution, etc. Boston
Name of publisher, distributor, etc. Focal Press
Date of publication, distribution, etc. 1997
300 ## - PHYSICAL DESCRIPTION
Extent xxxiv, 280p.
942 ## - ADDED ENTRY ELEMENTS (KOHA)
Source of classification or shelving scheme Library of Congress Classification
Koha item type General Collection
Holdings
Withdrawn status Lost status Source of classification or shelving scheme Not for loan Home library Current library Date acquired Total Checkouts Full call number Barcode Date last seen Date last checked out Price effective from Koha item type Coded location qualifier
    Library of Congress Classification   Kabarak, Main Campus Kabarak, Main Campus 24/07/2018 2 P90 .F36 1997 c.1 024104 02/02/2021 02/02/2021 24/07/2018 General Collection  
    Library of Congress Classification   Kabarak, Main Campus Kabarak, Main Campus 30/07/2018 1 P90 .F36 1997 c.1 024105 26/11/2018 20/11/2018 30/07/2018 General Collection 9550
Designed with assistance from East African Informatics Ltd